000 00785nam a22002297a 4500
005 20251108173500.0
008 250721s9999 xx 000 0 ara d
082 1 4 _aط/219.5/ابر
100 1 _aابراهيم، عبد القادر الشيخ
245 1 0 _aثمامة بن أثال /
264 1 _aحلب :
_bدار القلم العربي،
_c(200-.
300 _a16ص.
490 0 _aفجر الهدى والإيمان:من سفراء الإسلام
_v10
650 1 7 _aالسيرة النبويه
650 1 7 _aالصحابه والتابعين
650 1 7 _aالسفراء
653 _aثمامة بن اثال
653 _aناشؤون صغار(10-14 سنه)
700 1 _aفرهود، أحمد عبد الله
_eمراجع
942 _2ddc
_cBK
999 _c104942
_d104942